|
|
|
|
| LEADER |
00000naa2a2200000 4500 |
| 001 |
151823 |
| 005 |
20231031150836.0 |
| 035 |
|
|
|a (RuTPU)RU\TPU\book\164615
|
| 035 |
|
|
|a RU\TPU\tpu\13766
|
| 090 |
|
|
|a 151823
|
| 100 |
|
|
|a 20090128d1974 k y0rusy50 ca
|
| 101 |
0 |
|
|a rus
|
| 102 |
|
|
|a RU
|
| 200 |
1 |
|
|a Условия формирования водных потоков рассеяния зон минерализации в полузакрытых структурах (на примере Колывань-Томской складчатой зоны)
|f П. А. Удодов [и др.]
|
| 463 |
|
0 |
|0 (RuTPU)RU\TPU\book\135346
|t Вопросы геохимии подземных вод в связи с поисками рудных полезных ископаемых
|o [сборник]
|f Томский политехнический институт; под ред. С. Л. Шварцева
|v С. 35-38
|d 1974
|p 215 с.
|
| 610 |
1 |
|
|a труды учёных ТПУ
|
| 701 |
|
1 |
|a Удодов
|b П. А.
|
| 701 |
|
1 |
|a Левашов
|b Б. М.
|
| 701 |
|
1 |
|a Паршин
|b П. Н.
|
| 701 |
|
1 |
|a Лукин
|b А. А.
|
| 701 |
|
1 |
|a Фатеев
|b А. Д.
|
| 801 |
|
1 |
|a RU
|b 63413507
|c 20080112
|g PSBO
|
| 801 |
|
2 |
|a RU
|b 63413507
|c 20100414
|g PSBO
|
| 942 |
|
|
|c BK
|